LEADER 01511nam a2200337 u 4500 001 000000079035 003 CaOOAMICUS 005 20070226123509.0 008 040521s2003 it u000 u ita u 020 $a8845292592 035 $a10996276 040 $aPUL$bita 041 0 $aita$ager 100 1 $aFichte, Johann Gottlieb,$d1762-1814.$0(OLS)http://pul/name/16807 240 10$aGrundlage der gesamten wissenschaftslehre.$lItaliano.$0(OLS)http://pul/title/103457 245 10$aFondamento dell'intera dottrina della scienza /$cJohann Gottlieb Fichte ; saggio introduttivo, traduzione, note e apparati di Guido Boffi. 260 $aMilano :$bR.C.S. Libri,$cc2003. 300 $a686 p. ;$c20 cm 490 1 $aBompiani testi a fronte ;$v84 500 $aTesto tedesco a fronte. 504 $aComprende bibliografia. 650 4$aFilosofia della scienza$ySec. XVIII.$0(OLS)http://pul/subject/27500 700 1 $aBoffi, Guido.$0(OLS)http://pul/name/35927 830 0$aBompiani testi a fronte ;$v84.$0(OLS)http://pul/title/87343 850 $aPUL 852 $aPUL$W1$xSL Filosofia 2$y80$mPhil A2 2.84$j101233$nBK-PRI$b $qStampati altre collocazioni$B101233$CPULBib$Z2$F101233 $HPUL95140 $81 941 1 $a10 983 0$aTesti a fronte (Bompiani) 996 $6020$a8845292592$9(OLS)http://pul/number/103700 996 $6245$aFondamento dell'intera dottrina della scienza$9(OLS)http://pul/title/103458 996 $6260$aMilano :$bR.C.S. Libri$9(OLS)http://pul/publisher/74600 LEADER 01048nam a2200253 a 4500 001 000000145770 003 CaOOAMICUS 005 20240719173452.0 008 150915s1964 it u000 u ita r 040 $aPUL$bita 100 1 $aPerico, Giacomo,$cS.I.,$d1911-2000.$0(OLS)http://pul/name/4248 245 10$aA difesa della vita /$cG. Perico. 250 $a3. ed. 260 $aMilano :$bCentro studi sociali,$c1964. 300 $a677 p. ;$c24 cm 504 $aComprende indicazioni bibliografiche. 650 4$aMorale cristiana.$0(OLS)http://pul/subject/33527 850 $aPUL 852 $aPUL$W1$xDP1 Fondo S. Lanza$y121$m4 A 44$j115718$qFondi$B169260$CPULBib$Z2$F169260 $HLan1760 $82 852 $aPUL$W1$xDP1 Fondo Bordoni$y120$m3 J 92$j167490$qFondi$B176647$CPULBib$Z2$F176647 $HBor2229 $81 941 1 $a1 996 $6245$aA difesa della vita$9(OLS)http://pul/title/184327 996 $6260$aMilano :$bCentro studi sociali$9(OLS)http://pul/publisher/64182